000 00380 a2200169 4500
001 45182
020 _a8532514820
040 _cAnchieta - Aquarius
100 _aSabino, Fernando
240 1 0 _aOs caçadores de mentira
_lpor
245 1 0 _aOs caçadores de mentira
300 _a30
362 0 _a2003
440 1 _aRocco
650 4 _aLiteratura infanto-juvenil
942 _cBK
999 _c45182
_d45182